ბათუმის შოთა რუსთაველის სახელმწიფო უნივერსიტეტის ბიბლიოთეკა

აქა მშვიდობა. (ბიბ.ჩანაწერი № 39758)

000 -LEADER
fixed length control field 00843nam a2200241Ia 4500
001 - CONTROL NUMBER
control field 6363
003 - CONTROL NUMBER IDENTIFIER
control field GE_BSU
008 - FIXED-LENGTH DATA ELEMENTS--GENERAL INFORMATION
fixed length control field 181216s||||||||xx |||||||||||||| ||und||
040 ## - CATALOGING SOURCE
Transcribing agency GE_BSU
080 ## - UNIVERSAL DECIMAL CLASSIFICATION NUMBER
Universal Decimal Classification number 821.353.1-1
100 ## - MAIN ENTRY--PERSONAL NAME
Personal name ბეგაშვილი, ალექსანდრე.
245 ## - TITLE STATEMENT
Title აქა მშვიდობა.
245 ## - TITLE STATEMENT
Remainder of title ლექსები;მოთხრობები.
245 ## - TITLE STATEMENT
Statement of responsibility, etc. რედ:ნ.ინასარიძე;მხატვ:.ა.სამაშვილი.
260 ## - PUBLICATION, DISTRIBUTION, ETC.
Place of publication, distribution, etc. თბილისი.
260 ## - PUBLICATION, DISTRIBUTION, ETC.
Name of publisher, distributor, etc. საბჭ.საქართველო.
260 ## - PUBLICATION, DISTRIBUTION, ETC.
Date of publication, distribution, etc. 1986.
300 ## - PHYSICAL DESCRIPTION
Extent 597გვ;21სმ.
300 ## - PHYSICAL DESCRIPTION
Other physical details პორტრეტი.
653 ## - INDEX TERM--UNCONTROLLED
Uncontrolled term აქა მშვიდობა.
653 ## - INDEX TERM--UNCONTROLLED
Uncontrolled term ლექსები,მოთხრობები.
942 ## - ADDED ENTRY ELEMENTS (KOHA)
Koha item type წიგნი
ეგზემპლარები
Withdrawn status Lost status Damaged status Not for loan Date acquired Barcode Date last seen Price effective from Koha item type
        2018-12-17 13986 2018-12-17 2018-12-17 წიგნი
        2018-12-17 13987 2018-12-17 2018-12-17 წიგნი
        2018-12-17 13988 2018-12-17 2018-12-17 წიგნი